000 00722na a2200229 4500
001 18454
003 MIRAKIL
005 20181213155037.0
008 161118b tu 000 0
040 _aMilas
_btur
_cTR-AnCHP
041 _atur
082 _a346.077
_bE63e 1982
090 _a346.077 E63e 1982
100 _aErel, Şafak N.
245 _aEşyaya bağlı borç
_cŞafak N. Erel
260 _aAnkara
_bAnkara Üniversitesi Siyasal Bilgiler Fakültesi Yayınları
_c1982
300 _a258 s.
_c24 sm.
440 _aAnkara Üniversitesi Siyasal Bilgiler Fakültesi Yayınları
_v490
490 _a100. Doğum Yılında Atatürk'e Armağan Dizisi
_v33
650 _aBorçlar hukuku
_xEşya
942 _2dcc
_cBKS
999 _c5465
_d5465